Tuntun de pasa y griferia

Sábháilte in:
Sonraí bibleagrafaíochta
Príomhchruthaitheoir: Pales Matos, Luis
Formáid: LEABHAR
Teanga:Undetermined
Foilsithe / Cruthaithe: San Juan, Puerto Rico Autores Puetorriqueños 1950
Ábhair:
Clibeanna: Cuir clib leis
Níl clibeanna ann, Bí ar an gcéad duine le clib a chur leis an taifead seo!

MARC

LEADER 00000nam a2200000Ia 4500
008 170316s9999 xx 000 0 und d
040 |a cru BVZT 
090 |a 860 P-4t 
100 |a Pales Matos, Luis 
245 |a Tuntun de pasa y griferia 
260 |a San Juan, Puerto Rico 
260 |b Autores Puetorriqueños 
260 |c 1950 
300 |a 140 páginas 
650 |a LITERATURA LATINOAMERICANA 
999 |c 9104  |d 9104 
942 |c 15 D  |h 860 P-4t  |2 z